Shanxi sheng zhi. Di 35 juan, Gu ding zi chan tou zi guan li zhi /
Saved in:
| Corporate Author: | |
|---|---|
| Format: | Book |
| Language: | Chinese |
| Published: |
Xi'an :
Shanxi ren min chu ban she,
1996.
|
| Edition: | Di 1 ban. |
| Series: | Zhonghua Renmin Gongheguo di fang zhi cong shu.
|
| Subjects: | |
| Tags: |
Add Tag
No Tags, Be the first to tag this record!
|
| LEADER | 01604cam a2200361 a 4500 | ||
|---|---|---|---|
| 001 | 007724493-1 | ||
| 005 | 20024617112054.0 | ||
| 008 | 970815s1996 cc af 000 0 chi d | ||
| 020 | |a 7224041181 | ||
| 035 | 0 | |a ocm37478894 | |
| 040 | |a CU |c CU |d MH-HY |d CStRLIN | ||
| 043 | |a a-cc-ss | ||
| 050 | 0 | 0 | |a HG4028.C4 |b S47 1996 |
| 245 | 0 | 0 | |6 880-01 |a Shanxi sheng zhi. |n Di 35 juan, |p Gu ding zi chan tou zi guan li zhi / |c Shanxi sheng di fang zhi bian zuan wei yuan hui zhu bian. |
| 246 | 3 | 8 | |a Shanxi sheng zhi. |p Gu ding zi chan tou zi guan li zhi |
| 250 | |6 880-02 |a Di 1 ban. | ||
| 260 | |6 880-03 |a Xi'an : |b Shanxi ren min chu ban she, |c 1996. | ||
| 300 | |a 3, 415 p., [44] p. of plates : |b ill. (some col.) ; |c 27 cm. | ||
| 490 | 1 | |6 880-04 |a Zhonghua Renmin Gongheguo di fang zhi cong shu | |
| 650 | 0 | |a Capital investments |z China |z Shaanxi Sheng. | |
| 650 | 0 | |a Investments |z China |z Shaanxi Sheng. | |
| 651 | 0 | |a Shaanxi Sheng (China) |x History. | |
| 651 | 0 | |a Shaanxi Sheng (China) |x Gazetteers. | |
| 710 | 2 | |6 880-05 |a Shanxi Sheng di fang zhi bian zuan wei yuan hui (Shaanxi Sheng, China) | |
| 880 | 0 | 0 | |6 245-01 |a 陕西省志. |n 第35卷, |p 固定资产投资管理志 / |c 陕西省地方志编纂委员会主编. |
| 880 | |6 250-02 |a 第1版. | ||
| 880 | |6 260-03 |a 西安 : |b 陕西人民出版社 , |c 1996. | ||
| 880 | 1 | |6 490-04 |a 中华人民共和国地方志丛书 | |
| 880 | 2 | |6 710-05 |a 陕西省地方志编纂委员会 (Shensi Privince, China) | |
| 830 | 0 | |6 880-54 |a Zhonghua Renmin Gongheguo di fang zhi cong shu. | |
| 880 | 0 | |6 830-54 |a 中华人民共和国地方志丛书. | |
| 988 | |a 20021119 | ||
| 906 | |0 OCLC | ||


